[Event "46th GRE-chT Premier 2018"]
[Site "Rio Achaia"]
[Date "2018.07.13"]
[Round "5"]
[White "Sadzikowski, Daniel"]
[Black "Firman, Nazar"]
[Result "1/2-1/2"]
[WhiteElo "2567"]
[BlackElo "2512"]
[Annotator "TA"]
[PlyCount "120"]
[EventDate "2018.07.10"]
[EventType "team-tourn"]
[EventCountry "GRE"]
[SourceTitle "playchess.com"]
[Source "ChessBase"]
[SourceQuality "1"]

1. d4 g6 2. e4 Bg7 3. Nf3 d6 4. Be2 Nf6 5. Nc3 O-O 6. O-O b6 7. Re1 Bb7 8. e5 dxe5 9. Nxe5 Nbd7 10. Bf3 Bxf3 11. Qxf3 Nxe5 12. dxe5 Nd7 13. Bf4 Nc5 14. Rad1 Qe8 15. Bg3 Ne6 16. Qe4 Rd8 17. f4 Rxd1 18. Rxd1 Qc8 19. Bf2 c6 20. g3 Rd8 21. Rxd8+ Nxd8 22. b3 Kf8 23. Qd3 Ke8 24. Kg2 Ne6 25. a4 Qb7 26. Qe4 Qd7 27. b4 f6 28. exf6 Bxf6 29. Ne2 Qd5 30. Qxd5 cxd5 31. Kf3 Kd7 32. Ke3 Nd8 33. Be1 Nc6 34. b5 Nd8 35. Kd3 Nf7 36. c4 dxc4+ 37. Kxc4 Nd6+ 38. Kd3 Ke6 39. Nd4+ Kd5 40. Nc6 a5 41. Bf2 Nc4 42. Kc2 Ke4 43. Kb3 Kd3 44. g4 e6 45. g5 Bc3 46. Nb8 Bd2 47. Nd7 Bxf4 48. Nxb6 Nd2+ 49. Kb2 Be5+ 50. Kc1 Bxh2 51. Nd7 Ne4 52. Bb6 Nc3 53. Bxa5 Nxa4 54. b6 Bf4+ 55. Kd1 Nb2+ 56. Ke1 Nc4 57. Bb4 Nxb6 58. Nxb6 Bxg5 59. Nd7 Bh4+ 60. Kf1 Kc4 1/2-1/2

[Event "46th GRE-chT Premier 2018"]
[Site "Rio Achaia"]
[Date "2018.07.13"]
[Round "5"]
[White "Pavlidis, Antonios"]
[Black "Halkias, Stelios"]
[Result "1/2-1/2"]
[WhiteElo "2564"]
[BlackElo "2570"]
[Annotator "TA"]
[PlyCount "34"]
[EventDate "2018.07.10"]
[EventType "team-tourn"]
[EventCountry "GRE"]
[SourceTitle "playchess.com"]
[Source "ChessBase"]
[SourceQuality "1"]

1. c4 e6 2. Nf3 Nf6 3. g3 d5 4. Bg2 Be7 5. O-O O-O 6. d4 dxc4 7. Ne5 Nc6 8. Bxc6 bxc6 9. Nxc6 Qe8 10. Nxe7+ Qxe7 11. Qa4 e5 12. dxe5 Qxe5 13. Qxc4 Be6 14. Qc2 Bf5 15. Qc4 Be6 16. Qc2 Bf5 17. Qc4 Be6 1/2-1/2

[Event "46th GRE-chT Premier 2018"]
[Site "Rio Achaia"]
[Date "2018.07.13"]
[Round "5"]
[White "Boruchovsky, Avital"]
[Black "Kanellopoulos, Panayotis"]
[Result "1/2-1/2"]
[WhiteElo "2558"]
[BlackElo "2239"]
[Annotator "TA"]
[PlyCount "131"]
[EventDate "2018.07.10"]
[EventType "team-tourn"]
[EventCountry "GRE"]
[SourceTitle "playchess.com"]
[Source "ChessBase"]
[SourceQuality "1"]

1. e4 c5 2. Nf3 d6 3. Bb5+ Nd7 4. O-O Ngf6 5. Re1 a6 6. Bf1 e5 7. c3 Be7 8. d4 cxd4 9. cxd4 O-O 10. a4 b6 11. Nc3 Bb7 12. Bd3 Re8 13. d5 Rf8 14. Nd2 Ne8 15. Nc4 Rc8 16. Be3 Bg5 17. Qb3 Bxe3 18. Rxe3 Rc5 19. Qa3 Qb8 20. b4 Rc8 21. h4 Rd8 22. Rc1 Bc8 23. Ne2 Ndf6 24. Ng3 Qa7 25. Be2 g6 26. a5 b5 27. Nb6 Bb7 28. Rf3 Qb8 29. Qe3 Nd7 30. h5 Nxb6 31. Qxb6 Rd7 32. Rcc3 Qd8 33. hxg6 hxg6 34. Qe3 f6 35. Qh6 Rg7 36. Nf1 f5 37. exf5 Bxd5 38. fxg6 Bxf3 39. Bxf3 Rf6 40. Bd5+ Kf8 41. Ng3 Ke7 42. Qh3 Qd7 43. Qxd7+ Kxd7 44. Bc6+ Kd8 45. Bxe8 Kxe8 46. Nh5 Rgxg6 47. Nxf6+ Rxf6 48. Rc6 Kd7 49. Rxa6 Rf4 50. Ra8 Rxb4 51. a6 Ra4 52. a7 Ra1+ 53. Kh2 Kc7 54. g4 b4 55. g5 b3 56. g6 b2 57. Rb8 Rxa7 58. g7 Rb7 59. Rh8 b1=Q 60. g8=Q Kc6 61. Rh3 Qb4 62. Qc8+ Kb6 63. Qd8+ Kc6 64. Qc8+ Kb6 65. Qd8+ Kc6 66. Qc8+ 1/2-1/2

[Event "46th GRE-chT Premier 2018"]
[Site "Rio Achaia"]
[Date "2018.07.13"]
[Round "5"]
[White "Czarnota, Pawel"]
[Black "Kelires, Andreas"]
[Result "0-1"]
[WhiteElo "2549"]
[BlackElo "2530"]
[Annotator "ChessBase"]
[PlyCount "130"]
[EventDate "2018.07.10"]
[EventType "team-tourn"]
[EventCountry "GRE"]
[SourceTitle "playchess.com"]
[Source "ChessBase"]
[SourceQuality "1"]

1. e4 e5 2. Nf3 Nc6 3. Bb5 a6 4. Ba4 Nf6 5. O-O Be7 6. Re1 b5 7. Bb3 d6 8. a4 Bd7 9. c3 O-O 10. d4 h6 11. Nbd2 Re8 12. Nf1 Bf8 13. Ng3 Na5 14. Bc2 c5 15. h3 Qc7 16. d5 c4 17. Be3 Nb7 18. Qe2 Nc5 19. Nd2 g6 20. Ra3 Rec8 21. axb5 axb5 22. Rea1 Qb7 23. Qf1 Bg7 24. R1a2 Rxa3 25. Rxa3 Ra8 26. Qa1 Rxa3 27. Qxa3 Bf8 28. Qa5 Qb8 29. Kh2 h5 30. Nf3 Be7 31. Qa3 Qc7 32. Qa8+ Kg7 33. Nd2 Nh7 34. f4 exf4 35. Bxf4 Bg5 36. Ne2 Bxf4+ 37. Nxf4 Nf6 38. Qa1 Qd8 39. Qg1 Qe7 40. Qd4 Qe5 41. Qxe5 dxe5 42. Ne2 Ne8 43. Nf3 f6 44. Kg1 Nd6 45. Ng3 Nc8 46. Nf1 Kf7 47. Kf2 Ke7 48. Nh4 g5 49. Nf3 h4 50. g4 hxg3+ 51. Kxg3 Nb6 52. Ne3 Nba4 53. Nd1 Be8 54. h4 gxh4+ 55. Kxh4 Bg6 56. Nd2 Nb6 57. Ne3 Nca4 58. Nd1 Kd6 59. Kg4 Kc5 60. Nf1 Nxd5 61. Bxa4 Bxe4 62. Nf2 f5+ 63. Kg3 bxa4 64. Nxe4+ fxe4 65. Nd2 Nxc3 0-1

[Event "46th GRE-chT Premier 2018"]
[Site "Rio Achaia"]
[Date "2018.07.13"]
[Round "5"]
[White "Macieja, Bartlomiej"]
[Black "Kuljasevic, Davorin"]
[Result "0-1"]
[WhiteElo "2525"]
[BlackElo "2545"]
[Annotator "RC"]
[PlyCount "62"]
[EventDate "2018.07.10"]
[EventType "team-tourn"]
[EventCountry "GRE"]
[SourceTitle "playchess.com"]
[Source "ChessBase"]
[SourceQuality "1"]

1. e4 e5 2. Nf3 Nc6 3. Bb5 a6 4. Ba4 Nf6 5. d3 b5 6. Bb3 Be7 7. g4 h6 8. a4 d5 9. axb5 dxe4 10. bxc6 exf3 11. h3 e4 12. Ra4 exd3 13. Qxd3 Qxd3 14. cxd3 O-O 15. Bd1 Rd8 16. Bxf3 Rxd3 17. Ke2 Rb3 18. Nc3 Be6 19. Kf1 Bb4 20. Kg2 Bxc3 21. bxc3 Rxc3 22. Be3 Nd5 23. Rha1 Rxc6 24. Bd4 Rd8 25. Be5 Rc5 26. Bg3 Nc3 27. Rxa6 Bd5 28. Rc1 Bxf3+ 29. Kxf3 Ne4 30. Rxc5 Nxc5 31. Bxc7 Rd3+ 0-1

[Event "46th GRE-chT Premier 2018"]
[Site "Rio Achaia"]
[Date "2018.07.13"]
[Round "5"]
[White "Theodorou, Nikolas"]
[Black "Mastrovasilis, Athanasios"]
[Result "1/2-1/2"]
[WhiteElo "2513"]
[BlackElo "2497"]
[Annotator "ChessBase"]
[PlyCount "170"]
[EventDate "2018.07.10"]
[EventType "team-tourn"]
[EventCountry "GRE"]
[SourceTitle "playchess.com"]
[Source "ChessBase"]
[SourceQuality "1"]

1. Nf3 d5 2. c4 c6 3. g3 Nf6 4. Bg2 Bf5 5. O-O e6 6. d3 dxc4 7. dxc4 Qxd1 8. Rxd1 Bc2 9. Rd2 Bf5 10. Rd1 Bc2 11. Rf1 Nbd7 12. Nc3 Ne4 13. Nd1 Nd6 14. Ne3 Be4 15. Bd2 Be7 16. Rad1 O-O 17. Ba5 b6 18. Bc3 Rfd8 19. Rd2 c5 20. Rfd1 Nf6 21. Be5 Nfe8 22. Bxd6 Nxd6 23. Ne5 Bxg2 24. Kxg2 Rac8 25. f4 Kf8 26. g4 Ke8 27. Kf3 f6 28. Nd3 Nf7 29. h4 Rd4 30. Nf2 Rxd2 31. Rxd2 Rd8 32. Rxd8+ Kxd8 33. Nd3 Kd7 34. f5 Bd6 35. b3 Be5 36. Nf1 exf5 37. gxf5 g6 38. Ne3 Bd4 39. fxg6 hxg6 40. Nd5 Be5 41. e3 Ba1 42. Kg4 Nh6+ 43. Kf4 Nf7 44. Kg4 Nh6+ 45. Kf4 Nf7 46. Kf3 Kd6 47. N5f4 g5 48. hxg5 Nxg5+ 49. Kg4 Nf7 50. Kf5 Nh6+ 51. Kg6 Ng4 52. Nd5 b5 53. Kf5 bxc4 54. bxc4 Nh6+ 55. Kg6 Ng4 56. a3 Nh2 57. Nf2 Nf3 58. Kf5 Ne5 59. Ne4+ Kc6 60. Ne7+ Kd7 61. Ng8 Nxc4 62. Nxc5+ Kc6 63. Nb3 Be5 64. Nxf6 Bxf6 65. Kxf6 Nxe3 66. Ke6 Nc4 67. a4 Nb2 68. Ke5 Nxa4 69. Kd4 Kb5 70. Kd3 Kb4 71. Kc2 a6 72. Nd4 Nb6 73. Kb2 Nd5 74. Nc2+ Kc4 75. Na3+ Kc5 76. Kb3 Ne3 77. Nc2 Nxc2 78. Kxc2 Kb4 79. Kb2 a5 80. Ka2 a4 81. Kb2 a3+ 82. Ka2 Ka4 83. Ka1 Kb3 84. Kb1 a2+ 85. Ka1 Ka3 1/2-1/2

[Event "46th GRE-chT Premier 2018"]
[Site "Rio Achaia"]
[Date "2018.07.13"]
[Round "5"]
[White "Leniart, Arkadiusz"]
[Black "Tzermiadianos, Andreas"]
[Result "1-0"]
[WhiteElo "2489"]
[BlackElo "2437"]
[Annotator "ChessBase"]
[PlyCount "75"]
[EventDate "2018.07.10"]
[EventType "team-tourn"]
[EventCountry "GRE"]
[SourceTitle "playchess.com"]
[Source "ChessBase"]
[SourceQuality "1"]

1. e4 c5 2. Nf3 Nc6 3. Nc3 e5 4. Bc4 d6 5. d3 Be7 6. Nd2 Nf6 7. Nf1 Bg4 8. f3 Be6 9. Ne3 O-O 10. O-O Rb8 11. a4 Nb4 12. Ncd5 Nbxd5 13. exd5 Bd7 14. f4 exf4 15. Rxf4 Ne8 16. Rf2 Bf6 17. c3 Nc7 18. Nc2 a6 19. a5 Nb5 20. Bf4 Bg5 21. Qd2 h6 22. Bxb5 Bxb5 23. c4 Bd7 24. b4 cxb4 25. Qxb4 Bxf4 26. Rxf4 Qc7 27. Rb1 Rfc8 28. Qb6 Qc5+ 29. Rf2 Ba4 30. Nd4 Bd7 31. Rfb2 Rc7 32. Qxc5 dxc5 33. d6 Rc6 34. Nxc6 Bxc6 35. Rxb7 Bxb7 36. d7 Kf8 37. Rxb7 Rd8 38. d4 1-0

[Event "46th GRE-chT Premier 2018"]
[Site "Rio Achaia"]
[Date "2018.07.13"]
[Round "5"]
[White "Paehtz, Elisabeth"]
[Black "Botsari, Anna-Maria"]
[Result "1-0"]
[WhiteElo "2489"]
[BlackElo "2284"]
[Annotator "TA"]
[PlyCount "75"]
[EventDate "2018.07.10"]
[EventType "team-tourn"]
[EventCountry "GRE"]
[SourceTitle "playchess.com"]
[Source "ChessBase"]
[SourceQuality "1"]

1. e4 c5 2. Nf3 e6 3. d4 cxd4 4. Nxd4 Nc6 5. Nc3 Qc7 6. Be3 a6 7. Qd2 Nf6 8. f4 Bb4 9. Bd3 Na5 10. a3 Bxc3 11. Qxc3 Qxc3+ 12. bxc3 d5 13. exd5 exd5 14. Nb3 Nc4 15. Bd4 Ne4 16. O-O O-O 17. Rfe1 f5 18. Nc5 b6 19. Nxe4 fxe4 20. Bxc4 dxc4 21. Rxe4 Bf5 22. Re7 Rf7 23. Re2 b5 24. Rae1 h5 25. Re5 Raf8 26. g3 h4 27. R1e2 Bg4 28. R2e3 hxg3 29. hxg3 Bf5 30. Re2 Bg4 31. Rh2 Bf5 32. Rd2 Rd8 33. Kf2 Bc8 34. Rg5 Re8 35. Be5 Bf5 36. Bxg7 Kh7 37. Bd4 Re6 38. g4 1-0

[Event "46th GRE-chT Premier 2018"]
[Site "Rio Achaia"]
[Date "2018.07.13"]
[Round "5"]
[White "Shoker, Samy"]
[Black "Dochev, Dimitar"]
[Result "1/2-1/2"]
[WhiteElo "2482"]
[BlackElo "2399"]
[Annotator "ChessBase"]
[PlyCount "95"]
[EventDate "2018.07.10"]
[EventType "team-tourn"]
[EventCountry "GRE"]
[SourceTitle "playchess.com"]
[Source "ChessBase"]
[SourceQuality "1"]

1. g3 g6 2. Bg2 Bg7 3. c4 d6 4. Nc3 Nf6 5. Nf3 O-O 6. O-O Nc6 7. Rb1 a5 8. a3 e5 9. d3 Re8 10. Nd2 Nd4 11. b4 axb4 12. axb4 c6 13. Bb2 d5 14. c5 Bg4 15. h3 Be6 16. e3 Nf5 17. Ne2 Nd7 18. e4 Ne7 19. Qc2 f5 20. Ra1 Qc7 21. Nc3 Kh8 22. Qb3 Nf6 23. Rxa8 Rxa8 24. exd5 Nfxd5 25. Nxd5 Nxd5 26. Nc4 b5 27. Nb6 Rd8 28. Nxd5 Bxd5 29. Bxd5 Rxd5 30. Ra1 Rd8 31. Ra6 Qd7 32. Qa3 h6 33. Qa1 Qd5 34. h4 Rd7 35. Ra3 Kh7 36. Ra7 Rxa7 37. Qxa7 Kg8 38. Qb8+ Kf7 39. Qc7+ Kg8 40. Qc8+ Kh7 41. h5 Qxd3 42. hxg6+ Kxg6 43. Qxc6+ Kh7 44. Qe6 Qb1+ 45. Kg2 Qe4+ 46. Kg1 Qb1+ 47. Kg2 Qe4+ 48. Kg1 1/2-1/2

[Event "46th GRE-chT Premier 2018"]
[Site "Rio Achaia"]
[Date "2018.07.13"]
[Round "5"]
[White "Cornette, Deimante"]
[Black "Ivanova, Simoneta"]
[Result "1/2-1/2"]
[WhiteElo "2470"]
[BlackElo "2091"]
[Annotator "TA"]
[PlyCount "122"]
[EventDate "2018.07.10"]
[EventType "team-tourn"]
[EventCountry "GRE"]
[SourceTitle "playchess.com"]
[Source "ChessBase"]
[SourceQuality "1"]

1. e4 d5 2. exd5 Qxd5 3. Nc3 Qd8 4. d4 Nf6 5. Nf3 Bg4 6. h3 Bxf3 7. Qxf3 c6 8. Qd3 e6 9. Bd2 Nbd7 10. O-O-O Qc7 11. g4 O-O-O 12. g5 Nd5 13. Nxd5 cxd5 14. Qf3 Nb6 15. Ba5 Kb8 16. Rd3 Rc8 17. Rc3 Qd7 18. Bxb6 axb6 19. Rb3 Qc7 20. Bd3 Bd6 21. Kb1 Bf4 22. h4 Qd6 23. Rg1 h6 24. g6 f6 25. Rd1 Rhd8 26. Qe2 Rc7 27. h5 Re8 28. Rb5 Rc6 29. Qf3 Rd8 30. Qe2 Qc7 31. Qf3 Bg5 32. a3 Qf4 33. Qxf4+ Bxf4 34. Bf1 Kc7 35. Bg2 Rcd6 36. b3 Ra8 37. a4 Ra5 38. Rxa5 bxa5 39. Kb2 Rb6 40. Rd3 Kd6 41. c3 Ke7 42. Kc2 Kd7 43. Rd1 Kc7 44. Bf1 Rd6 45. Bg2 Rb6 46. Re1 Kd7 47. Bh3 Rc6 48. Kd3 Rb6 49. Kc2 Rc6 50. Kd3 Rb6 51. b4 f5 52. b5 Rd6 53. Re2 b6 54. Rc2 Ke7 55. c4 dxc4+ 56. Rxc4 Kf6 57. Bg2 Kg5 58. Bf3 e5 59. Bd1 Rxd4+ 60. Rxd4 exd4 61. Kxd4 Bd6 1/2-1/2

[Event "46th GRE-chT Premier 2018"]
[Site "Rio Achaia"]
[Date "2018.07.13"]
[Round "5"]
[White "Kapnisis, Spyridon"]
[Black "Papadopoulos, Ioannis K"]
[Result "1-0"]
[WhiteElo "2456"]
[BlackElo "2410"]
[Annotator "TA"]
[PlyCount "55"]
[EventDate "2018.07.10"]
[EventType "team-tourn"]
[EventCountry "GRE"]
[SourceTitle "playchess.com"]
[Source "ChessBase"]
[SourceQuality "1"]

1. e4 e5 2. Nf3 Nf6 3. Nc3 Bb4 4. Nxe5 O-O 5. Be2 Re8 6. Nd3 Bxc3 7. dxc3 Nxe4 8. Nf4 d6 9. O-O Nc6 10. c4 a5 11. f3 Nc5 12. Rf2 Ne7 13. b3 Ne6 14. Nxe6 Bxe6 15. Bb2 Nc6 16. Qd2 Qe7 17. Qf4 b6 18. Bd3 Bd7 19. Re2 Qf8 20. Qh4 f5 21. Rae1 Rxe2 22. Rxe2 Re8 23. Rxe8 Qxe8 24. Qg5 Qf8 25. g4 h6 26. Qf4 Ne7 27. h3 fxg4 28. Bh7+ 1-0

[Event "46th GRE-chT Premier 2018"]
[Site "Rio Achaia"]
[Date "2018.07.13"]
[Round "5"]
[White "Zawadzka, Jolanta"]
[Black "Antova, Gabriela"]
[Result "1/2-1/2"]
[WhiteElo "2439"]
[BlackElo "2301"]
[Annotator "TA"]
[PlyCount "151"]
[EventDate "2018.07.10"]
[EventType "team-tourn"]
[EventCountry "GRE"]
[SourceTitle "playchess.com"]
[Source "ChessBase"]
[SourceQuality "1"]

1. e4 c5 2. Nf3 d6 3. d4 cxd4 4. Nxd4 Nf6 5. Nc3 a6 6. Be3 e6 7. f3 b5 8. g4 Nfd7 9. Qd2 Bb7 10. O-O-O Nb6 11. Nb3 N8d7 12. Na5 Qc7 13. Kb1 Nc4 14. Nxc4 bxc4 15. h4 Rb8 16. Qe2 Bc6 17. Qxc4 a5 18. Bc1 Be7 19. Nd5 exd5 20. exd5 Nc5 21. dxc6 O-O 22. g5 Qxc6 23. Qd5 Qc7 24. Bc4 Ne6 25. b3 Rfc8 26. Bb2 a4 27. Bd3 axb3 28. cxb3 Qa7 29. Qe4 Nf8 30. Rhe1 Ra8 31. a4 Bd8 32. Bc4 Ba5 33. Re2 Bb4 34. Qe7 Qxe7 35. Rxe7 d5 36. Rb7 dxc4 37. Rxb4 c3 38. Rc1 cxb2 39. Rxc8 Rxc8 40. Kxb2 Ne6 41. Rb7 Nc5 42. Rb5 Kf8 43. a5 Ke7 44. b4 Nd7 45. Kb3 Kd6 46. Rf5 f6 47. gxf6 gxf6 48. Ka4 Rc4 49. Rh5 Kc6 50. Kb3 Rf4 51. Rxh7 Rxf3+ 52. Ka4 Rf4 53. Rh5 Ne5 54. Rh8 Nd3 55. Rb8 Nc5+ 56. Ka3 Rf3+ 57. Ka2 Nd7 58. b5+ Kc7 59. Ra8 Kb7 60. Rd8 Nc5 61. h5 Na4 62. a6+ Kb6 63. Rb8+ Ka7 64. Rb7+ Ka8 65. h6 Nc3+ 66. Kb2 Nxb5 67. h7 Rh3 68. Rg7 Nd4 69. Rg8+ Ka7 70. h8=Q Rxh8 71. Rxh8 Kxa6 72. Rh6 Kb5 73. Rxf6 Kc4 74. Rf4 Kd3 75. Rh4 Kc4 76. Rh5 1/2-1/2

[Event "46th GRE-chT Premier 2018"]
[Site "Rio Achaia"]
[Date "2018.07.13"]
[Round "5"]
[White "Morozov, Nichita"]
[Black "Ilandzis, Spyridon"]
[Result "1-0"]
[WhiteElo "2429"]
[BlackElo "1980"]
[Annotator "TA"]
[PlyCount "85"]
[EventDate "2018.07.10"]
[EventType "team-tourn"]
[EventCountry "GRE"]
[SourceTitle "playchess.com"]
[Source "ChessBase"]
[SourceQuality "1"]

1. d4 Nf6 2. Nf3 e6 3. c4 b6 4. Nc3 Bb4 5. e3 Bb7 6. Bd3 O-O 7. O-O Bxc3 8. bxc3 Ne4 9. Nd2 Nxd2 10. Bxd2 f5 11. f3 d6 12. Qc2 Nd7 13. e4 fxe4 14. Bxe4 Bxe4 15. Qxe4 Qe7 16. Rfe1 Rfe8 17. Re2 Nf8 18. Rae1 Qd7 19. Qg4 Qa4 20. c5 bxc5 21. dxc5 Qxg4 22. fxg4 Rab8 23. c4 e5 24. cxd6 cxd6 25. Be3 Rbc8 26. Rd1 Rxc4 27. Rxd6 Rxg4 28. Ra6 Re7 29. Bxa7 Rc4 30. g3 e4 31. Be3 h6 32. Ra8 Rf7 33. a4 Kh7 34. a5 Ne6 35. a6 Nd4 36. Rf2 Nf3+ 37. Kg2 Ra4 38. a7 Kg6 39. h4 Ra1 40. Re2 Ne1+ 41. Rxe1 Rxe1 42. Rh8 Re2+ 43. Kh3 1-0

[Event "46th GRE-chT Premier 2018"]
[Site "Rio Achaia"]
[Date "2018.07.13"]
[Round "5"]
[White "Vlachos, Anatole"]
[Black "Patrelakis, Evaggelos"]
[Result "1/2-1/2"]
[WhiteElo "2428"]
[BlackElo "2285"]
[Annotator "TA"]
[PlyCount "89"]
[EventDate "2018.07.10"]
[EventType "team-tourn"]
[EventCountry "GRE"]
[SourceTitle "playchess.com"]
[Source "ChessBase"]
[SourceQuality "1"]

1. Nf3 Nf6 2. g3 g6 3. Bg2 Bg7 4. O-O O-O 5. d4 d6 6. b3 Nbd7 7. Bb2 e5 8. dxe5 Ng4 9. Qd2 Ngxe5 10. Nxe5 Nxe5 11. c4 Nc6 12. Nc3 Be6 13. Rad1 f5 14. c5 dxc5 15. Qe3 Qe7 16. Nd5 Bxd5 17. Bxd5+ Kh8 18. Qxe7 Nxe7 19. Bxg7+ Kxg7 20. Bxb7 Rab8 21. Bf3 Kf6 22. Rd7 Rfc8 23. Rc1 Rb5 24. Rc3 Ke6 25. Rd2 Kf6 26. Rdc2 Rd8 27. Rxc5 Rxc5 28. Rxc5 c6 29. b4 Rc8 30. Kf1 Ke6 31. e3 Kd6 32. Ra5 Rc7 33. Ke2 Nc8 34. Ra6 Nb6 35. Kd3 c5 36. a4 cxb4 37. a5 Rc3+ 38. Kd4 Rc4+ 39. Kd3 Rc3+ 40. Kd2 Ra3 41. Be2 Ra2+ 42. Kd1 Ra1+ 43. Kd2 Ra2+ 44. Kd1 Ra1+ 45. Kd2 1/2-1/2

[Event "46th GRE-chT Premier 2018"]
[Site "Rio Achaia"]
[Date "2018.07.13"]
[Round "5"]
[White "Warmerdam, Max"]
[Black "Firat, Burak"]
[Result "0-1"]
[WhiteElo "2424"]
[BlackElo "2452"]
[Annotator "TA"]
[PlyCount "60"]
[EventDate "2018.07.10"]
[EventType "team-tourn"]
[EventCountry "GRE"]
[SourceTitle "playchess.com"]
[Source "ChessBase"]
[SourceQuality "1"]

1. e4 c5 2. Nf3 d6 3. d4 cxd4 4. Nxd4 Nf6 5. Nc3 a6 6. f3 e5 7. Nb3 Be6 8. Be3 h5 9. Qd2 Nbd7 10. Nd5 Bxd5 11. exd5 g6 12. Be2 Qc7 13. O-O Nb6 14. c4 Nxc4 15. Rfc1 Nxd2 16. Rxc7 Nxd5 17. Rxb7 Nxe3 18. Nxd2 d5 19. Rc1 Bh6 20. Bxa6 Nf5 21. Bb5+ Kf8 22. Rd7 Bxd2 23. Rcc7 Kg7 24. Rxf7+ Kh6 25. Bd3 e4 26. fxe4 Nd6 27. Rfd7 dxe4 28. Rxd6 Bf4 29. Rxg6+ Kxg6 30. Bxe4+ Kf6 0-1

[Event "46th GRE-chT Premier 2018"]
[Site "Rio Achaia"]
[Date "2018.07.13"]
[Round "5"]
[White "Malikentzos, Sotirios"]
[Black "Naoum, Spyridon"]
[Result "1-0"]
[WhiteElo "2420"]
[BlackElo "2335"]
[Annotator "TA"]
[PlyCount "79"]
[EventDate "2018.07.10"]
[EventType "team-tourn"]
[EventCountry "GRE"]
[SourceTitle "playchess.com"]
[Source "ChessBase"]
[SourceQuality "1"]

1. Nf3 Nf6 2. g3 g6 3. b3 Bg7 4. Bb2 O-O 5. Bg2 d6 6. d4 c6 7. O-O Re8 8. Re1 Qa5 9. e4 d5 10. e5 Ne4 11. Nbd2 Bf5 12. h3 Bh6 13. Nxe4 Bxe4 14. Nh4 Bxg2 15. Kxg2 c5 16. e6 f6 17. Qg4 Bg5 18. Nxg6 hxg6 19. h4 Nc6 20. hxg5 Kg7 21. Rh1 Rh8 22. dxc5 Qxc5 23. gxf6+ exf6 24. Qg5 Qe7 25. Qxd5 Rad8 26. Qe4 Rde8 27. Rxh8 Rxh8 28. Rd1 Re8 29. Qg4 Rd8 30. Re1 Rd2 31. Qh4 Rd8 32. Rh1 Qxe6 33. Qh7+ Kf8 34. Ba3+ Ke8 35. Qxg6+ Kd7 36. Rh7+ Kc8 37. Qf7 Qxf7 38. Rxf7 Nd4 39. Rxf6 Nxc2 40. Bc5 1-0

[Event "46th GRE-chT Premier 2018"]
[Site "Rio Achaia"]
[Date "2018.07.13"]
[Round "5"]
[White "Secheres, Adrian-Simion"]
[Black "Prince, Bajaj"]
[Result "1/2-1/2"]
[WhiteElo "2415"]
[BlackElo "2404"]
[Annotator "TA"]
[PlyCount "61"]
[EventDate "2018.07.10"]
[EventType "team-tourn"]
[EventCountry "GRE"]
[SourceTitle "playchess.com"]
[Source "ChessBase"]
[SourceQuality "1"]

1. d4 Nf6 2. Nf3 e6 3. Bf4 b6 4. e3 Bb7 5. Nbd2 Be7 6. h3 c5 7. Bd3 O-O 8. O-O d5 9. c3 Ne4 10. Qe2 Nd7 11. a4 a6 12. Rfe1 h6 13. Bc2 f5 14. Ne5 Nxe5 15. Bxe5 Nxd2 16. Qxd2 Bd6 17. Bxd6 Qxd6 18. f4 c4 19. Reb1 Bc6 20. b4 Ra7 21. a5 b5 22. Kh1 Kh8 23. Rg1 g6 24. g4 Rg8 25. Rg2 Rag7 26. g5 h5 27. h4 Rf8 28. Kh2 Rfg8 29. Kh1 Rf8 30. Kh2 Rfg8 31. Kh1 1/2-1/2

[Event "46th GRE-chT Premier 2018"]
[Site "Rio Achaia"]
[Date "2018.07.13"]
[Round "5"]
[White "Souleidis, Georgios"]
[Black "Sandalakis, Nikolaos"]
[Result "1-0"]
[WhiteElo "2415"]
[BlackElo "2209"]
[Annotator "NA RC"]
[PlyCount "71"]
[EventDate "2018.07.10"]
[EventType "team-tourn"]
[EventCountry "GRE"]
[SourceTitle "playchess.com"]
[Source "ChessBase"]
[SourceQuality "1"]

1. e4 e5 2. Nf3 Nc6 3. Bc4 Nf6 4. d3 Be7 5. O-O O-O 6. Re1 d6 7. a4 Na5 8. Ba2 c5 9. c3 Nc6 10. Na3 h6 11. Bd2 Ne8 12. Nc2 Nc7 13. b4 cxb4 14. cxb4 a6 15. h3 Be6 16. Bxe6 fxe6 17. d4 Bf6 18. Bc3 exd4 19. Ncxd4 Ne5 20. Qb3 Nxf3+ 21. Nxf3 Bxc3 22. Qxc3 Rc8 23. Qb3 Qe7 24. b5 Qf7 25. b6 Ne8 26. Rac1 Nf6 27. e5 Rxc1 28. Rxc1 Nd5 29. exd6 Qf4 30. Rc7 Qxd6 31. Rxb7 Qc6 32. Ra7 Nxb6 33. Rxa6 Qc1+ 34. Kh2 Qf4+ 35. Kh1 Qc1+ 36. Ng1 1-0

[Event "46th GRE-chT Premier 2018"]
[Site "Rio Achaia"]
[Date "2018.07.13"]
[Round "5"]
[White "Kourousis, Epaminondas"]
[Black "Papakonstantinou, Dimitrios"]
[Result "1-0"]
[WhiteElo "2399"]
[BlackElo "2336"]
[Annotator "NA"]
[PlyCount "61"]
[EventDate "2018.07.10"]
[EventType "team-tourn"]
[EventCountry "GRE"]
[SourceTitle "playchess.com"]
[Source "ChessBase"]
[SourceQuality "1"]

1. Nf3 Nf6 2. g3 g6 3. b3 Bg7 4. Bb2 d6 5. d4 c5 6. Bg2 Nc6 7. O-O cxd4 8. Nxd4 Bd7 9. c4 Nxd4 10. Qxd4 Bc6 11. Nc3 Bxg2 12. Kxg2 O-O 13. Nd5 Ne8 14. Qd2 Bxb2 15. Qxb2 Nc7 16. Rad1 Nxd5 17. Rxd5 Qb6 18. h4 Rfc8 19. Qd2 Rc5 20. e4 h5 21. f4 Rxd5 22. exd5 e6 23. Re1 exd5 24. f5 dxc4 25. fxg6 Qc6+ 26. Kh2 fxg6 27. Re6 Kf7 28. Rxd6 Qe4 29. Rd7+ Kg8 30. Qc3 Qe2+ 31. Kg1 1-0

[Event "46th GRE-chT Premier 2018"]
[Site "Rio Achaia"]
[Date "2018.07.13"]
[Round "5"]
[White "Skembris, Spyridon"]
[Black "Barski, Radoslaw"]
[Result "0-1"]
[WhiteElo "2393"]
[BlackElo "2431"]
[Annotator "TA"]
[PlyCount "56"]
[EventDate "2018.07.10"]
[EventType "team-tourn"]
[EventCountry "GRE"]
[SourceTitle "playchess.com"]
[Source "ChessBase"]
[SourceQuality "1"]

1. c4 e6 2. g3 Nf6 3. Bg2 d5 4. Nf3 d4 5. O-O c5 6. e3 Nc6 7. d3 Bd6 8. a3 a5 9. exd4 cxd4 10. Bg5 h6 11. Bxf6 Qxf6 12. Nbd2 Qe7 13. Ne4 Bc7 14. b4 O-O 15. b5 Nd8 16. Re1 f5 17. Ned2 Qf6 18. c5 Bd7 19. a4 Nf7 20. Nb3 e5 21. Nfd2 e4 22. dxe4 f4 23. Nf3 Bg4 24. Qxd4 Ne5 25. Qd5+ Be6 26. Qd1 fxg3 27. fxg3 Nxf3+ 28. Bxf3 Rad8 0-1

[Event "46th GRE-chT Premier 2018"]
[Site "Rio Achaia"]
[Date "2018.07.13"]
[Round "5"]
[White "Gouloutis, Nikolaos"]
[Black "Baron, Tal"]
[Result "1-0"]
[WhiteElo "2382"]
[BlackElo "2530"]
[Annotator "TA"]
[PlyCount "85"]
[EventDate "2018.07.10"]
[EventType "team-tourn"]
[EventCountry "GRE"]
[SourceTitle "playchess.com"]
[Source "ChessBase"]
[SourceQuality "1"]

1. d4 Nf6 2. Nf3 g6 3. Bg5 Bg7 4. Nbd2 O-O 5. e3 d6 6. Bc4 Nbd7 7. O-O Qe8 8. e4 h6 9. Bh4 e5 10. dxe5 dxe5 11. a4 a5 12. Re1 Nc5 13. Bb5 Nfd7 14. Nc4 Qe6 15. Ne3 c6 16. Bc4 Qe8 17. Qd6 Kh7 18. Ng4 f6 19. Ra3 g5 20. Bxg5 Qg6 21. Bxh6 Bxh6 22. Nxh6 Qxh6 23. Ng5+ fxg5 24. Rh3 Qxh3 25. gxh3 b5 26. Qe7+ Kg6 27. Be2 bxa4 28. Bg4 Rb8 29. Bf5+ Rxf5 30. exf5+ Kxf5 31. h4 gxh4 32. Qh7+ Ke6 33. f4 e4 34. Rd1 h3 35. f5+ Kf6 36. Qg6+ Ke7 37. Qd6+ Kf7 38. f6 Kg6 39. f7+ Kxf7 40. Rf1+ Ke8 41. Rf5 a3 42. Rh5 Nf6 43. Rh8+ 1-0